|
|
|
|
| LEADER |
00000nam0a2200000 4500 |
| 001 |
364791 |
| 005 |
20231102011725.0 |
| 035 |
|
|
|a (RuTPU)RU\TPU\retro\22154
|
| 090 |
|
|
|a 364791
|
| 100 |
|
|
|a 20211129d1981 km y0rusy50 ca
|
| 101 |
0 |
|
|a rus
|
| 102 |
|
|
|a RU
|
| 105 |
|
|
|a a z 001zy
|
| 200 |
1 |
|
|a Энергетические установки космических апаратов
|f под ред. Д. Д. Невяровского, В. С Викторова
|
| 210 |
|
|
|a Москва
|c Энергоиздат
|d 1981
|
| 215 |
|
|
|a 222 с.
|c ил.
|
| 320 |
|
|
|a Библиогр.: с. 216-220
|
| 606 |
1 |
|
|a Космические энергетические установки
|2 stltpush
|3 (RuTPU)RU\TPU\subj\67389
|9 83213
|
| 610 |
1 |
|
|a электрохимические генераторы
|
| 610 |
1 |
|
|a летная эксплуатация
|
| 610 |
1 |
|
|a пилотируемые полеты
|
| 610 |
1 |
|
|a пилотные установки
|
| 610 |
1 |
|
|a регенеративные системы
|
| 610 |
1 |
|
|a электролизеры
|
| 610 |
1 |
|
|a газотурбинные преобразователи
|
| 610 |
1 |
|
|a замкнутый цикл
|
| 675 |
|
|
|a 629.782.03
|v 4
|
| 702 |
|
1 |
|a Невяровский
|b Д. Д.
|4 340
|
| 702 |
|
1 |
|a Викторов
|b В. С
|4 340
|
| 801 |
|
1 |
|a RU
|b 63413507
|c 20211129
|
| 801 |
|
2 |
|a RU
|b 63413507
|c 20220511
|g RCR
|
| 942 |
|
|
|c BK
|